<?xml version="1.0" encoding="UTF-8"?>
<record
    xmlns:xsi="http://www.w3.org/2001/XMLSchema-instance"
    xsi:schemaLocation="http://www.loc.gov/MARC21/slim http://www.loc.gov/standards/marcxml/schema/MARC21slim.xsd"
    xmlns="http://www.loc.gov/MARC21/slim">

  <leader>03112nam a2200553Ia 4500</leader>
  <controlfield tag="001">4492</controlfield>
  <controlfield tag="008">241029s9999    xx            000 0 und d</controlfield>
  <datafield tag="010" ind1=" " ind2=" ">
    <subfield code="a">4233</subfield>
  </datafield>
  <datafield tag="041" ind1=" " ind2=" ">
    <subfield code="a">Espa&#xF1;ol</subfield>
  </datafield>
  <datafield tag="082" ind1=" " ind2=" ">
    <subfield code="a">NO APLICA</subfield>
  </datafield>
  <datafield tag="245" ind1=" " ind2="0">
    <subfield code="a"> La funci&#xF3;n continua en los axiomas de separaci&#xF3;n.</subfield>
  </datafield>
  <datafield tag="260" ind1=" " ind2=" ">
    <subfield code="a">Santiago</subfield>
  </datafield>
  <datafield tag="300" ind1=" " ind2=" ">
    <subfield code="a">25</subfield>
  </datafield>
  <datafield tag="520" ind1=" " ind2=" ">
    <subfield code="a">5</subfield>
  </datafield>
  <datafield tag="630" ind1=" " ind2=" ">
    <subfield code="a">Administraci&#xF3;n de Proyectos</subfield>
  </datafield>
  <datafield tag="630" ind1=" " ind2=" ">
    <subfield code="a">Matem&#xE1;tica</subfield>
  </datafield>
  <datafield tag="630" ind1=" " ind2=" ">
    <subfield code="a">Mejora Continua</subfield>
  </datafield>
  <datafield tag="630" ind1=" " ind2=" ">
    <subfield code="a">M&#xE9;todos</subfield>
  </datafield>
  <datafield tag="650" ind1=" " ind2=" ">
    <subfield code="a">Matem&#xE1;tica</subfield>
  </datafield>
  <datafield tag="690" ind1=" " ind2=" ">
    <subfield code="a">Elaborado</subfield>
  </datafield>
  <datafield tag="700" ind1=" " ind2=" ">
    <subfield code="e">asesor</subfield>
    <subfield code="a"> De La Rosa, Ruddy </subfield>
  </datafield>
  <datafield tag="700" ind1=" " ind2=" ">
    <subfield code="e">autor</subfield>
    <subfield code="a">Cerda, Alexander Antonio </subfield>
  </datafield>
  <datafield tag="901" ind1=" " ind2=" ">
    <subfield code="a">{"1":"Cerda"}</subfield>
    <subfield code="b">{"1":"Alexander Antonio "}</subfield>
  </datafield>
  <datafield tag="902" ind1=" " ind2=" ">
    <subfield code="a">1</subfield>
  </datafield>
  <datafield tag="903" ind1=" " ind2=" ">
    <subfield code="a">{"1":" De La Rosa"}</subfield>
    <subfield code="b">{"1":"Ruddy "}</subfield>
  </datafield>
  <datafield tag="904" ind1=" " ind2=" ">
    <subfield code="a">Mag&#xED;ster en</subfield>
  </datafield>
  <datafield tag="905" ind1=" " ind2=" ">
    <subfield code="a">Matem&#xE1;ticas</subfield>
  </datafield>
  <datafield tag="906" ind1=" " ind2=" ">
    <subfield code="a">2</subfield>
  </datafield>
  <datafield tag="907" ind1=" " ind2=" ">
    <subfield code="a">NO APLICA</subfield>
  </datafield>
  <datafield tag="908" ind1=" " ind2=" ">
    <subfield code="a">NO APLICA</subfield>
  </datafield>
  <datafield tag="909" ind1=" " ind2=" ">
    <subfield code="a">Centro Universitario Regional de Santiago, CURSA (UASD)</subfield>
  </datafield>
  <datafield tag="910" ind1=" " ind2=" ">
    <subfield code="a">NULL</subfield>
    <subfield code="b">NULL</subfield>
  </datafield>
  <datafield tag="911" ind1=" " ind2=" ">
    <subfield code="a">["1"]</subfield>
  </datafield>
  <datafield tag="912" ind1=" " ind2=" ">
    <subfield code="a">NO APLICA</subfield>
  </datafield>
  <datafield tag="913" ind1=" " ind2=" ">
    <subfield code="a">NULL</subfield>
  </datafield>
  <datafield tag="914" ind1=" " ind2=" ">
    <subfield code="a">06 de Septiembre de 2005</subfield>
  </datafield>
  <datafield tag="915" ind1=" " ind2=" ">
    <subfield code="a">31/10/19 10:10</subfield>
  </datafield>
  <datafield tag="916" ind1=" " ind2=" ">
    <subfield code="a">NULL</subfield>
  </datafield>
  <datafield tag="917" ind1=" " ind2=" ">
    <subfield code="a">NULL</subfield>
  </datafield>
  <datafield tag="918" ind1=" " ind2=" ">
    <subfield code="a">NO APLICA</subfield>
  </datafield>
  <datafield tag="919" ind1=" " ind2=" ">
    <subfield code="a">["9","135","208","213"]</subfield>
  </datafield>
  <datafield tag="520" ind1=" " ind2=" ">
    <subfield code="a">El axioma de separaci&#xF3;n llamado Hausdorff (en honor al matem&#xE1;tico alem&#xE1;n F&#xE9;lix Hausdorff, 1868-1942) surge como una condicionante que evitar&#xE1; topolog&#xED;as en las que los conjuntos unipuntuales no son cerrados, llevando la clase de espacio bajo consideraci&#xF3;n m&#xE1;s cerca de aquellas a los que se les aplica la intuici&#xF3;n geom&#xE9;trica. La funci&#xF3;n continua es un concepto b&#xE1;sico en matem&#xE1;tica. Las funciones continuas sobre la recta real, en el plano, el espacio y dem&#xE1;s se consideran como casos particulares y especiales de la definici&#xF3;n de continuidad topol&#xF3;gica y &#xE9;sta es equivalente a la definici&#xF3;n del an&#xE1;lisis.El objetivo del estudio fue visualizar el comportamiento de la funci&#xF3;n continua en los espacios topol&#xF3;gicos que cumplen determinados axiomas de separaci&#xF3;n.&#xA0;Se obtuvieron las siguientes conclusiones:El criterio de espacio completamente regular parte la definici&#xF3;n de un espacio Tychonoff. Un espacio de Tychonoff (o espacio T 3&#xBD;) es un espacio T1 completamente regular.El espacio de Tychonoff &#xA0;se destaca por presentar convenientes aplicaciones reales, no constantes suficientes para separar puntos de conjuntos cerrados. En consecuencia, existen aplicaciones continuas no constantes de todo espacio de Tychonoff (que tenga m&#xE1;s de un punto) en R1 teniendo la distinci&#xF3;n de ser el espacio topol&#xF3;gico m&#xE1;s general en el que se puede garantizar tal propiedad.La importancia m&#xE1;s significativa de asegurar que en ciertos espacios topol&#xF3;gicos puedan definirse funciones continuas no constantes, es garantizar, preservar y rigurizar las teor&#xED;as y los teoremas del an&#xE1;lisis funcional sobre variables reales del c&#xE1;lculo tradicional, viniendo estos conceptos topol&#xF3;gicos a producir una generalizaci&#xF3;n del c&#xE1;lculo tradicional conocido.</subfield>
  </datafield>
  <datafield tag="921" ind1=" " ind2=" ">
    <subfield code="a">11</subfield>
  </datafield>
  <datafield tag="922" ind1=" " ind2=" ">
    <subfield code="a">11</subfield>
  </datafield>
  <datafield tag="923" ind1=" " ind2=" ">
    <subfield code="a">0</subfield>
  </datafield>
  <datafield tag="924" ind1=" " ind2=" ">
    <subfield code="a">NO APLICA</subfield>
  </datafield>
  <datafield tag="942" ind1=" " ind2=" ">
    <subfield code="c">Tesis</subfield>
  </datafield>
  <datafield tag="999" ind1=" " ind2=" ">
    <subfield code="c">4233</subfield>
    <subfield code="d">4233</subfield>
  </datafield>
</record>
